|
|
|
|
| LEADER |
00000nam a2200000 i 4500 |
| 001 |
1/65014 |
| 008 |
041105s2001 eng d |
| 020 |
|
|
|a 3-8228-5876-5
|
| 035 |
|
|
|l 10075122
|
| 040 |
|
|
|a GR-MY-UA
|b gre
|e aacr
|
| 041 |
0 |
|
|a eng
|
| 082 |
0 |
|
|a 759.4
|2 (21)
|
| 100 |
1 |
|
|a Néret, Gilles.
|
| 245 |
1 |
0 |
|a Renoir :
|b painter of happiness 1841-1919 /
|c Gilles Neret
|
| 260 |
|
|
|a Koln; London :
|b Taschen,
|c c2001
|
| 300 |
|
|
|a 438 σ.;
|b εικ.;
|c 33 εκ.
|
| 504 |
|
|
|a Περιέχει ευρετήριο
|
| 600 |
1 |
0 |
|a Renoir, Auguste,
|d 1841-1919
|v Exhibitions.
|
| 650 |
0 |
0 |
|a Impressionism (Art)
|
| 852 |
|
|
|a INST
|b LESVOS
|e 20041105
|h 759.4 NER
|p 005100028060
|q 005100028060
|t BK
|y 0
|
| 901 |
|
|
|a BIBL1-2005-1
|
| 909 |
|
|
|a Λ
|b 115068
|
| 922 |
|
|
|a 1ΕΛΗ
|b 200410
|c ΕΠΕΑΕΚ2/ΤΑΚ
|d ΜΙΧΑΛΟΠΟΥΛΟΣ
|
| 950 |
|
|
|a 117-2004-10-15
|
| 970 |
|
|
|a ΤΖΑΦΕΡΗ
|b ΕΥΑΓΓΕΛΙΑ
|z 2005/01/20
|